[Event "McGill op"]
[Site "Montreal CAN"]
[Date "2016.05.01"]
[Round "4.2"]
[White "Hambleton, Aman"]
[Black "Chiku-Ratte, Olivier-Kenta"]
[Result "1/2-1/2"]
[WhiteElo "2442"]
[BlackElo "2343"]
[PlyCount "122"]
[EventDate "2016.04.28"]
[EventType "swiss"]
[EventRounds "5"]
[EventCountry "CAN"]

1. d4 Nf6 2. c4 c5 3. d5 e6 4. Nc3 exd5 5. cxd5 d6 6. e4 g6 7. h3 Bg7 8. Nf3 a6
9. a4 Nbd7 10. Bd3 Nh5 11. Bg5 Bf6 12. Bh6 Ne5 13. Be2 Nxf3+ 14. Bxf3 Ng7 15.
O-O O-O 16. Qd2 Re8 17. Bf4 Be5 18. Bxe5 Rxe5 19. a5 Bd7 20. Na4 Bb5 21. Rfe1
Bxa4 22. Rxa4 Qe8 23. Rc4 Nf5 24. b4 Nd4 25. Rb1 Qb5 26. Qa2 Qd7 27. Bg4 Qe7
28. bxc5 dxc5 29. Qa3 Rxe4 30. Qxc5 Qxc5 31. Rxc5 Nb5 32. Bd7 Nd6 33. Rb6 Rc4
34. Rxc4 Nxc4 35. Rxb7 Nxa5 36. Rc7 Rd8 37. f4 Nc4 38. Rxc4 Rxd7 39. Rc5 Kf8
40. Kf2 Ke7 41. Ke3 Kd6 42. Rc6+ Kxd5 43. Rxa6 Rd6 44. Rxd6+ Kxd6 45. Kd4 Ke6
46. g3 Kd6 47. g4 Ke6 48. Kc5 h6 49. Kd4 h5 50. Kc5 f6 51. Kc6 hxg4 52. hxg4 g5
53. f5+ Ke5 54. Kd7 Kf4 55. Ke6 Kxg4 56. Kxf6 Kh4 57. Ke5 g4 58. f6 g3 59. f7
g2 60. f8=Q g1=Q 61. Qh6+ Kg3 1/2-1/2

[Event "McGill op"]
[Site "Montreal CAN"]
[Date "2016.05.01"]
[Round "5.3"]
[White "Chiku-Ratte, Olivier-Kenta"]
[Black "Langlois-Remillard, Alexis"]
[Result "1-0"]
[WhiteElo "2343"]
[BlackElo "1763"]
[PlyCount "57"]
[EventDate "2016.04.28"]
[EventType "swiss"]
[EventRounds "5"]
[EventCountry "CAN"]

1. d4 Nf6 2. c4 e6 3. Nc3 Bb4 4. f3 c5 5. d5 d6 6. e4 O-O 7. Bd3 Na6 8. Nge2
Rb8 9. a3 Bxc3+ 10. Nxc3 Bd7 11. Qe2 Nc7 12. b4 exd5 13. cxd5 Re8 14. Be3 Nh5
15. bxc5 Qf6 16. Rc1 dxc5 17. Qd2 b6 18. O-O Qd8 19. g4 Nf6 20. a4 Bc8 21. Bf4
Nd7 22. Nb5 Nxb5 23. Bxb5 Ra8 24. e5 Re7 25. Bg5 f6 26. exf6 Nxf6 27. Bxf6 gxf6
28. d6 Rg7 29. Qd5+ 1-0

[Event "Quebec-ch U20"]
[Site "Montreal CAN"]
[Date "2016.04.22"]
[Round "1.2"]
[White "Johnson-Constantin, Matthieu"]
[Black "Chiku-Ratte, Olivier-Kenta"]
[Result "0-1"]
[WhiteElo "1950"]
[BlackElo "2389"]
[PlyCount "64"]
[EventDate "2016.04.22"]
[EventType "swiss"]
[EventRounds "5"]
[EventCountry "CAN"]

1. e4 c5 2. d3 Nc6 3. f4 d6 4. Nf3 g6 5. Be3 Bg7 6. c3 Bg4 7. Qb3 Bxf3 8. Qxb7
Nb4 9. Qb5+ Qd7 10. Qxd7+ Kxd7 11. Kd2 Bg4 12. d4 cxd4 13. Bxd4 Bxd4 14. cxd4
Kc7 15. d5 Kb7 16. Bb5 Nf6 17. Nc3 Bd7 18. e5 Bxb5 19. exf6 Bd7 20. fxe7 f5 21.
Rhe1 Na6 22. b4 Nc7 23. a4 Ne8 24. Kd3 Nf6 25. Kd4 Rac8 26. Rac1 Rc7 27. Nb5
Bxb5 28. Rxc7+ Kxc7 29. axb5 Ne4 30. Ra1 Kb7 31. g4 Re8 32. gxf5 gxf5 0-1

[Event "Quebec-ch U20"]
[Site "Montreal CAN"]
[Date "2016.04.23"]
[Round "2.2"]
[White "Chiku-Ratte, Olivier-Kenta"]
[Black "Yao, Houji"]
[Result "1-0"]
[WhiteElo "2388"]
[BlackElo "2048"]
[PlyCount "223"]
[EventDate "2016.04.22"]
[EventType "swiss"]
[EventRounds "5"]
[EventCountry "CAN"]

1. d4 Nf6 2. c4 g6 3. Nc3 d5 4. cxd5 Nxd5 5. Bd2 Bg7 6. e4 Nxc3 7. Bxc3 O-O 8.
Qd2 Nc6 9. d5 Ne5 10. f4 Ng4 11. Bxg7 Kxg7 12. Qc3+ Kg8 13. Rd1 c6 14. h3 Nf6
15. dxc6 Qb6 16. Bd3 Qe3+ 17. Ne2 Nxe4 18. Qd4 Qxd4 19. Nxd4 Ng3 20. Rg1 bxc6
21. Nxc6 Be6 22. Kf2 Nh5 23. f5 Bxa2 24. Ra1 Bb3 25. Ra3 Rab8 26. Nxb8 Rxb8 27.
fxg6 hxg6 28. Rxa7 Bd5 29. Rb1 Nf4 30. Bf1 Be4 31. Rd1 Rxb2+ 32. Ke3 Nd5+ 33.
Kd4 Nf6 34. Rxe7 Bxg2 35. Bc4 Rb7 36. Bxf7+ Kg7 37. Rxb7 Bxb7 38. Be6 Bc6 39.
Ke5 Nh5 40. Rd6 Bb5 41. Bg4 Kh6 42. Ke4 Ba4 43. h4 Bc2+ 44. Kf3 Ng7 45. Rc6
Bd1+ 46. Kg3 Bxg4 47. Kxg4 Nh5 48. Rd6 Ng7 49. Rd7 Nh5 50. Rf7 Ng7 51. Rf8 Nh5
52. Rd8 Nf6+ 53. Kf4 Nh5+ 54. Ke5 Kg7 55. Rd7+ Kh6 56. Rd8 Kg7 57. Rc8 Ng3 58.
Kf4 Nf5 59. Kg5 Nh6 60. Rc7+ Nf7+ 61. Kf4 Kf6 62. Rc6+ Kg7 63. Re6 Nd8 64. Rd6
Nf7 65. Ra6 Kh7 66. Ke4 Kh6 67. Rf6 Kg7 68. Rf3 g5 69. h5 g4 70. Rf4 Nh6 71.
Ke5 g3 72. Rf3 Nf7+ 73. Kf5 Nd6+ 74. Kg4 Ne4 75. Rf1 Kh6 76. Kf5 g2 77. Rg1
Ng3+ 78. Kg4 Nxh5 79. Rxg2 Nf6+ 80. Kf5 Nh7 81. Rg8 Kh5 82. Rg7 Kh6 83. Rg8 Kh5
84. Rg6 Nf8 85. Ra6 Nh7 86. Ra7 Kh6 87. Rf7 Ng5 88. Rf6+ Kh5 89. Rg6 Nf7 90.
Rg1 Nh6+ 91. Kf4 Nf7 92. Rg7 Nh6 93. Rg5+ Kh4 94. Rc5 Nf7 95. Rc7 Nh6 96. Rc6
Kh5 97. Rf6 Ng4 98. Rf5+ Kh4 99. Rf7 Nh6 100. Rf6 Kh5 101. Rc6 Ng4 102. Rc5+
Kh4 103. Rc1 Kh3 104. Rg1 Nh2 105. Rg6 Nf1 106. Rg1 Nd2 107. Rd1 Nc4 108. Rd4
Nb6 109. Ke5 Nc8 110. Rd7 Kg3 111. Rb7 Kf3 112. Ke6 1-0

[Event "Quebec-ch U20"]
[Site "Montreal CAN"]
[Date "2016.04.23"]
[Round "3.1"]
[White "Yu, Zong Yang"]
[Black "Chiku-Ratte, Olivier-Kenta"]
[Result "0-1"]
[WhiteElo "2391"]
[BlackElo "2388"]
[PlyCount "118"]
[EventDate "2016.04.22"]
[EventType "swiss"]
[EventRounds "5"]
[EventCountry "CAN"]

1. d4 Nf6 2. c4 c5 3. d5 e6 4. Nc3 exd5 5. cxd5 d6 6. Nf3 g6 7. Bf4 a6 8. e4 b5
9. Bd3 Bg4 10. O-O Bg7 11. Rc1 O-O 12. Re1 Nh5 13. Be3 Nd7 14. Be2 Bxf3 15.
Bxf3 Nhf6 16. Qc2 Re8 17. b3 Ne5 18. Be2 h6 19. h3 g5 20. a4 b4 21. Nb1 Ng6 22.
Nd2 Qe7 23. Rcd1 Nd7 24. Bg4 Nde5 25. Be2 Kh7 26. Kh2 Qd7 27. g3 Qe7 28. Rg1
Nd7 29. Bg4 Bc3 30. Bf5 Nf6 31. f3 Kh8 32. Nc4 Ne5 33. Nxe5 Bxe5 34. Qc1 Bc3
35. Rd3 Nh5 36. Rg2 Ng7 37. Bg4 Qe5 38. Bf2 Rad8 39. h4 h5 40. Bh3 g4 41. fxg4
hxg4 42. Bxg4 Qxe4 43. Rxc3 bxc3 44. Bd1 Qxd5 45. Qh6+ Kg8 46. Bc2 Qh5 47. Qf6
Qe5 48. Qh6 Re6 49. Qh7+ Kf8 50. Qd3 Rh6 51. Kh3 Re8 52. Qxa6 Qe2 53. Bd3 Qf3
54. Kh2 Rf6 55. Qc4 Qd1 56. Qxc3 Rf3 57. Bc2 Qe2 58. Be1 Rxc3 59. Bxc3 Qf3 0-1

[Event "Quebec-ch U20"]
[Site "Montreal CAN"]
[Date "2016.04.24"]
[Round "4.1"]
[White "Chiku-Ratte, Olivier-Kenta"]
[Black "Rodrigue-Lemieux, Shawn"]
[Result "1-0"]
[WhiteElo "2388"]
[BlackElo "2219"]
[PlyCount "81"]
[EventDate "2016.04.22"]
[EventType "swiss"]
[EventRounds "5"]
[EventCountry "CAN"]

1. d4 d5 2. Nf3 e6 3. c4 c6 4. e3 f5 5. Bd3 Nf6 6. O-O Bd6 7. b3 O-O 8. Bb2
Nbd7 9. Qc1 Ne4 10. Ba3 Bxa3 11. Qxa3 g5 12. Qb2 g4 13. Ne5 Nxe5 14. dxe5 Bd7
15. Nc3 Qc7 16. Ne2 Ng5 17. f3 gxf3 18. gxf3 Qb6 19. Qd4 c5 20. Qh4 Kh8 21. f4
Ne4 22. Bxe4 dxe4 23. Ng3 Qd8 24. Qh3 Be8 25. Rad1 Qe7 26. Qh6 Bg6 27. Rd6 Rad8
28. Rfd1 Rxd6 29. exd6 Qg7 30. Qg5 Qd7 31. Kf2 b6 32. a4 a6 33. Ne2 Kg7 34. Nc3
Kf7 35. h4 Qd8 36. Qxd8 Rxd8 37. a5 bxa5 38. Na4 Bh5 39. Rd2 Rc8 40. Nxc5 Rd8
41. Nb7 1-0

[Event "Quebec-ch U20"]
[Site "Montreal CAN"]
[Date "2016.04.24"]
[Round "5.1"]
[White "Zhu, Hong Rui"]
[Black "Chiku-Ratte, Olivier-Kenta"]
[Result "1/2-1/2"]
[WhiteElo "2300"]
[BlackElo "2388"]
[PlyCount "150"]
[EventDate "2016.04.22"]
[EventType "swiss"]
[EventRounds "5"]
[EventCountry "CAN"]

1. e4 c5 2. Nf3 e6 3. d4 cxd4 4. Nxd4 a6 5. Bd3 Bc5 6. Nb3 Ba7 7. Qe2 Ne7 8. c4
d6 9. O-O O-O 10. Nc3 Nbc6 11. Be3 Bxe3 12. Qxe3 Qc7 13. Na4 Ne5 14. Be2 Rb8
15. Rac1 b6 16. Nd2 Bd7 17. Nc3 Qc5 18. Qg5 f6 19. Qg3 Qb4 20. Rc2 b5 21. cxb5
axb5 22. Nb3 Nc4 23. Rd1 Rfc8 24. Rd3 Rc7 25. Bd1 Kf7 26. a3 Nxa3 27. bxa3 Qxb3
28. Ne2 Qxc2 29. Bxc2 Rxc2 30. Qxd6 Rb7 31. Rd2 Rc6 32. Qd3 Rbc7 33. f3 Rc4 34.
Qb3 Ke8 35. Kf2 R7c5 36. Qd3 Rc7 37. Rb2 Kf7 38. Qd6 Nc8 39. Qd3 Ne7 40. Rb3
Nc6 41. Qd2 Ne5 42. h3 Rc2 43. Qd6 R2c6 44. Qd1 Rc5 45. f4 Nc4 46. g3 Ke7 47.
Kf3 R5c6 48. Qe1 Rd6 49. Rc3 Bc6 50. Rxc4 bxc4 51. Qb4 Rb7 52. Qxc4 Bb5 53. Qc5
Bxe2+ 54. Kxe2 Kd7 55. Qe3 Rdb6 56. Qd4+ Rd6 57. Qa4+ Ke7 58. e5 Rb2+ 59. Ke3
Rdb6 60. exf6+ gxf6 61. Qa7+ Rb7 62. Qc5+ Kf7 63. f5 e5 64. Kf3 Re7 65. Qd5+
Kg7 66. a4 e4+ 67. Ke3 Rbb7 68. a5 Rbd7 69. Qc5 Rc7 70. Qb4 Rb7 71. Qa4 Rbc7
72. a6 Rc3+ 73. Kf2 Rcc7 74. Ke3 Rc3+ 75. Ke2 Rcc7 1/2-1/2

[Event "Mauricie op"]
[Site "Trois-Rivieres CAN"]
[Date "2016.03.18"]
[Round "1"]
[White "Chiku-Ratte, Olivier-Kenta"]
[Black "Hajiyev, Elshad"]
[Result "1-0"]
[WhiteElo "2413"]
[BlackElo "2108"]
[PlyCount "35"]
[EventDate "2016.03.18"]
[EventType "swiss"]
[EventRounds "5"]
[EventCountry "CAN"]

1. d4 f5 2. Nc3 e6 3. e4 Bb4 4. Bd3 d5 5. exf5 exf5 6. a3 Bxc3+ 7. bxc3 Nf6 8.
Ne2 O-O 9. O-O Ne4 10. c4 c6 11. cxd5 cxd5 12. f3 Ng5 13. c4 Ne6 14. Qb3 Qh4
15. Be3 Nc6 16. cxd5 Ncxd4 17. Nxd4 f4 18. dxe6 1-0

[Event "Mauricie op"]
[Site "Trois-Rivieres CAN"]
[Date "2016.03.19"]
[Round "2"]
[White "Larochelle, Martial"]
[Black "Chiku-Ratte, Olivier-Kenta"]
[Result "0-1"]
[WhiteElo "2194"]
[BlackElo "2413"]
[PlyCount "86"]
[EventDate "2016.03.18"]
[EventType "swiss"]
[EventRounds "5"]
[EventCountry "CAN"]

1. Nf3 c5 2. c4 Nf6 3. Nc3 e6 4. g3 b6 5. Bg2 Bb7 6. O-O Be7 7. e3 Ne4 8. Nxe4
Bxe4 9. d3 Bb7 10. b3 d6 11. Bb2 O-O 12. d4 Nd7 13. Qc2 Qc7 14. e4 cxd4 15.
Nxd4 a6 16. Qe2 Rac8 17. Rad1 Rfe8 18. Rfe1 Qb8 19. f4 Bd8 20. f5 e5 21. Nc2
Nf6 22. Ba3 Bc7 23. g4 Nd7 24. Ne3 Bc6 25. Nd5 Bd8 26. Bc1 b5 27. g5 Bxd5 28.
cxd5 Bb6+ 29. Kh1 f6 30. Qh5 Rc2 31. Rd3 Rec8 32. g6 Nf8 33. gxh7+ Kh8 34. Bd2
Rxd2 35. Qf7 Nxh7 36. Rh3 Be3 37. Rhxe3 Ng5 38. Qh5+ Kg8 39. Rg3 Qb6 40. Rf1
Rf2 41. Rg1 Qc7 42. h4 Qf7 43. Qg4 Rf4 0-1

[Event "Mauricie op"]
[Site "Trois-Rivieres CAN"]
[Date "2016.03.19"]
[Round "3"]
[White "Chiku-Ratte, Olivier-Kenta"]
[Black "Gachet, Sebastien"]
[Result "1-0"]
[WhiteElo "2413"]
[BlackElo "2318"]
[PlyCount "89"]
[EventDate "2016.03.18"]
[EventType "swiss"]
[EventRounds "5"]
[EventCountry "CAN"]

1. d4 Nf6 2. c4 g6 3. Nc3 Bg7 4. e4 d6 5. f4 O-O 6. Nf3 c5 7. d5 e6 8. Be2 exd5
9. cxd5 Re8 10. Nd2 a6 11. a4 Nbd7 12. O-O Qc7 13. Kh1 b6 14. Bf3 Rb8 15. Qb3
Bf8 16. Be2 Qd8 17. Qc2 Bb7 18. Bc4 Bg7 19. Qd3 Ra8 20. Rb1 Ng4 21. Nf3 Qe7 22.
h3 Ngf6 23. Re1 Nh5 24. Kh2 Bh6 25. g3 f6 26. e5 f5 27. e6 Ndf6 28. Ng5 Rf8 29.
Nf7 Bg7 30. Bd2 Ne8 31. Qf3 Nc7 32. g4 fxg4 33. hxg4 Nf6 34. f5 b5 35. Bf4 Rxf7
36. exf7+ Qxf7 37. Bxd6 gxf5 38. gxf5 Qd7 39. Bxc5 bxc4 40. Re7 Qd8 41. Rg1
Nce8 42. Rxb7 Qc8 43. d6 Rb8 44. d7 Qxc5 45. Rxg7+ 1-0

[Event "Mauricie op"]
[Site "Trois-Rivieres CAN"]
[Date "2016.03.20"]
[Round "4"]
[White "Duong, Thanh Nha"]
[Black "Chiku-Ratte, Olivier-Kenta"]
[Result "1/2-1/2"]
[WhiteElo "2282"]
[BlackElo "2413"]
[PlyCount "179"]
[EventDate "2016.03.18"]
[EventType "swiss"]
[EventRounds "5"]
[EventCountry "CAN"]

1. d4 Nf6 2. Bf4 c5 3. c3 b6 4. e3 Bb7 5. h3 d6 6. Nf3 Nbd7 7. Nbd2 g6 8. Bc4
Bg7 9. O-O O-O 10. Re1 Rc8 11. a4 Qc7 12. Bh2 e5 13. dxe5 Nxe5 14. Nxe5 dxe5
15. Qc2 Rcd8 16. Rad1 Qe7 17. Nf1 Be4 18. Qb3 Qb7 19. f3 Bxf3 20. gxf3 Qxf3 21.
Be2 Qxh3 22. Rxd8 Rxd8 23. Rd1 Re8 24. Qc4 Bh6 25. Qd3 c4 26. Qd2 Ne4 27. Qd7
Bxe3+ 28. Nxe3 Qxe3+ 29. Kh1 Rf8 30. Re1 Nf2+ 31. Kg2 Nd3 32. Bxd3 Qxe1 33. Bf1
Qb1 34. Qd2 Qe4+ 35. Kg1 Qg4+ 36. Qg2 h5 37. Qxg4 hxg4 38. Bxe5 Rc8 39. Kf2 f6
40. Bd4 Kf7 41. Kg3 f5 42. Kf4 Ke6 43. Kg5 Kf7 44. Bg2 Rd8 45. Bf1 Rc8 46. Kf4
Ke6 47. Kg5 Kf7 48. Bg2 Ke6 49. Bf1 Rc6 50. Kf4 a6 51. Bg2 Rd6 52. Bb7 b5 53.
a5 g5+ 54. Kg3 b4 55. Bc8+ Kf7 56. Bxf5 Rd5 57. Bxg4 b3 58. Be2 Rxa5 59. Bxc4+
Ke7 60. Bxb3 Rb5 61. Bc4 Rxb2 62. Bxa6 Kd6 63. Bc4 Rd2 64. Kg4 Rg2+ 65. Kf3 Rd2
66. Ke3 Rg2 67. Bf1 Rg1 68. Kf2 Rg4 69. Bg2 Rf4+ 70. Ke3 Rf7 71. c4 g4 72. Bd5
Rf1 73. Ke2 Rf5 74. Be4 Ra5 75. Bb6 Rg5 76. Ke3 g3 77. Bg2 Rf5 78. Ke4 Rf8 79.
c5+ Kc6 80. Kd4+ Kb5 81. Bh3 Rf2 82. Bd7+ Ka6 83. Ke3 Rb2 84. Bc7 g2 85. Bh2
Rc2 86. c6 Kb6 87. c7 Rxc7 88. Bxc7+ Kxc7 89. Kf2 Kxd7 90. Kxg2 1/2-1/2

[Event "Mauricie op"]
[Site "Trois-Rivieres CAN"]
[Date "2016.03.20"]
[Round "5"]
[White "Chiku-Ratte, Olivier-Kenta"]
[Black "Hebert, Jean"]
[Result "1/2-1/2"]
[WhiteElo "2413"]
[BlackElo "2402"]
[PlyCount "59"]
[EventDate "2016.03.18"]
[EventType "swiss"]
[EventRounds "5"]
[EventCountry "CAN"]
[TimeControl "900+2"]

1. d4 d5 2. c4 c6 3. Nf3 Nf6 4. Nc3 a6 5. c5 Nbd7 6. Bf4 Nh5 7. Bd2 g6 8. e3
Bg7 9. Be2 Nhf6 10. O-O O-O 11. b4 Re8 12. Rb1 e5 13. Nxe5 Nxe5 14. dxe5 Rxe5
15. Bd3 Qc7 16. Ne2 Ng4 17. h3 Nf6 18. Bc3 Re7 19. Bd4 Bd7 20. Qc2 Nh5 21. Qb2
Bxd4 22. Qxd4 Ng7 23. a4 Bf5 24. Rfd1 Bxd3 25. Qxd3 Nf5 26. b5 axb5 27. axb5
Rae8 28. Nd4 Nxd4 29. Qxd4 Re4 30. Qb2 1/2-1/2

[Event "Carnaval"]
[Site "Quebec CAN"]
[Date "2016.02.20"]
[Round "3"]
[White "Chiku-Ratte, Olivier-Kenta"]
[Black "Dorrance, Adam"]
[Result "1-0"]
[WhiteElo "2413"]
[BlackElo "2284"]
[PlyCount "79"]
[EventDate "2016.02.19"]
[EventType "swiss"]
[EventRounds "5"]
[EventCountry "CAN"]
[TimeControl "900+2"]

1. d4 d5 2. c4 c6 3. Nf3 Nf6 4. Nc3 dxc4 5. a4 Bf5 6. Ne5 Nbd7 7. Nxc4 Qc7 8.
g3 e5 9. dxe5 Nxe5 10. Bf4 Nfd7 11. Bg2 g5 12. Ne3 gxf4 13. Nxf5 O-O-O 14. O-O
fxg3 15. hxg3 Kb8 16. a5 h5 17. Qa4 Nc5 18. Qh4 Ng6 19. Qg5 h4 20. Rad1 Re8 21.
e3 Ne6 22. Qf6 hxg3 23. fxg3 Rh7 24. Ne4 Bg7 25. Nxg7 Rxg7 26. Bh3 Qe5 27. Bxe6
Qxf6 28. Nxf6 Rxe6 29. Rd8+ Kc7 30. Rfd1 Ne5 31. Ne8+ Rxe8 32. Rxe8 Rxg3+ 33.
Kf2 Rg5 34. Re7+ Kc8 35. e4 a6 36. b3 Ng4+ 37. Kf3 Ne5+ 38. Ke3 Ng6 39. Rxf7
Kb8 40. Rg7 1-0

[Event "Carnaval"]
[Site "Quebec CAN"]
[Date "2016.02.21"]
[Round "4"]
[White "Sambuev, Bator"]
[Black "Chiku-Ratte, Olivier-Kenta"]
[Result "1-0"]
[WhiteElo "2582"]
[BlackElo "2413"]
[PlyCount "109"]
[EventDate "2016.02.19"]
[EventType "swiss"]
[EventRounds "5"]
[EventCountry "CAN"]
[TimeControl "900+2"]

1. Nf3 {[%emt 0:00:00]} Nf6 2. c4 c5 3. Nc3 e6 4. g3 b6 5. Bg2 Bb7 6. O-O Be7
7. Re1 Ne4 8. d4 Nxc3 9. bxc3 d6 10. e4 cxd4 11. cxd4 O-O 12. Bb2 Nd7 13. Nd2
e5 14. Nf1 exd4 15. Bxd4 Nc5 16. Ne3 Ne6 17. Bb2 Rc8 18. Rc1 Re8 19. Rc2 Bf8
20. Rd2 Qg5 21. Nf5 Rxc4 22. h4 Qd8 23. Ne3 Rc7 24. Qg4 Qc8 25. Nf5 g6 26. h5
Rc2 27. Qe2 Rxd2 28. Qxd2 gxf5 29. exf5 h6 30. fxe6 Rxe6 31. Rc1 Qa8 32. Bh3
Bf3 33. Bxe6 fxe6 34. Qd3 Qe4 35. Qxe4 Bxe4 36. Rc7 a5 37. a4 e5 38. Ba3 Bf3
39. Rd7 Bxh5 40. Bxd6 Bg7 41. Bc7 Be8 42. Rd6 Bxa4 43. Bxb6 Kf7 44. Bxa5 Bf8
45. Rb6 Bd1 46. Bc3 e4 47. Rf6+ Kg8 48. g4 Bf3 49. Bd4 h5 50. g5 h4 51. Rb6 Bh5
52. g6 h3 53. Kh2 Bg4 54. Rb8 e3 55. g7 1-0

[Event "Carnaval"]
[Site "Quebec CAN"]
[Date "2016.02.21"]
[Round "5"]
[White "Hansen, Eric"]
[Black "Chiku-Ratte, Olivier-Kenta"]
[Result "1-0"]
[WhiteElo "2584"]
[BlackElo "2413"]
[PlyCount "101"]
[EventDate "2016.02.19"]
[EventType "swiss"]
[EventRounds "5"]
[EventCountry "CAN"]
[TimeControl "900+2"]

1. d4 Nf6 2. c4 c5 3. d5 e6 4. Nc3 exd5 5. cxd5 d6 6. Nf3 g6 7. Bf4 a6 8. a4
Bg7 9. h3 O-O 10. e3 Re8 11. Nd2 Nbd7 12. Be2 Ne5 13. O-O Nfd7 14. Qc2 Rb8 15.
Rae1 f5 16. Bh2 Nf6 17. Kh1 Qe7 18. f4 Nf7 19. Bd3 Bd7 20. e4 fxe4 21. Ndxe4
Nxe4 22. Nxe4 Bf5 23. b3 Bxe4 24. Rxe4 Qf6 25. f5 gxf5 26. Rxe8+ Rxe8 27. Bxf5
Kh8 28. Bd3 Qe7 29. Bxh7 Ne5 30. Bf5 Rf8 31. Qe2 Qg5 32. Bb1 Rxf1+ 33. Qxf1 b5
34. axb5 axb5 35. Bg1 c4 36. bxc4 bxc4 37. Qe2 Kg8 38. Be3 Qf6 39. Be4 Qh4 40.
Bf2 Qf4 41. g3 Qc1+ 42. Kg2 c3 43. Qh5 Qd2 44. Qf5 Nf7 45. Qc8+ Bf8 46. Qe6 Qg5
47. Be1 Bg7 48. Qe8+ Bf8 49. Bxc3 Qc1 50. Bh7+ Kxh7 51. Qxf7+ 1-0

[Event "Ligue elite du dimanche 2016.01"]
[Site "Montreal CAN"]
[Date "2016.01.31"]
[Round "1"]
[White "Rodrigue-Lemieux, Shawn"]
[Black "Chiku-Ratte, Olivier-Kenta"]
[Result "1-0"]
[WhiteElo "2091"]
[BlackElo "2397"]
[Annotator "Lefong Hua"]
[PlyCount "81"]
[EventDate "2016.01.31"]
[EventType "team"]
[EventRounds "7"]
[EventCountry "CAN"]

1. e4 c5 2. b3 Nc6 3. Bb2 d6 4. g3 Nf6 5. Bg2 g6 6. Ne2 Bg7 7. O-O O-O 8. d4
cxd4 9. Nxd4 Bd7 10. c4 Qb6 11. Nxc6 Bxc6 12. Bd4 Qa5 13. Re1 Rfd8 14. a3 Rac8
15. Nc3 a6 16. Nd5 Bxd5 17. exd5 Re8 18. Bh3 Rcd8 19. b4 Qc7 20. Rc1 a5 21. Qb3
axb4 22. Qxb4 Nd7 23. Bxd7 Rxd7 24. Bb6 Qc8 25. c5 dxc5 26. Rxc5 Qb8 27. Qb5
Qd6 28. Bc7 Rxc7 29. Qxe8+ Bf8 30. Rxc7 Qxc7 31. Qb5 Qd6 32. a4 b6 33. h3 Qd8
34. Qc6 Bg7 35. d6 e6 36. Qc7 Bf6 37. Rb1 Kg7 38. Qxd8 Bxd8 39. a5 bxa5 40. Rb8
Bf6 41. d7 1-0

[Event "Ligue elite du dimanche 2016.01"]
[Site "Montreal CAN"]
[Date "2016.02.07"]
[Round "2"]
[White "Zhu, Hong Rui"]
[Black "Chiku-Ratte, Olivier-Kenta"]
[Result "1-0"]
[WhiteElo "2283"]
[BlackElo "2397"]
[Annotator "Lefong Hua"]
[PlyCount "89"]
[EventDate "2016.01.31"]
[EventType "team"]
[EventRounds "7"]
[EventCountry "CAN"]

1. e4 c5 2. Nf3 e6 3. d4 cxd4 4. Nxd4 a6 5. Bd3 Ne7 6. O-O Nbc6 7. Be3 Ng6 8.
c4 Qc7 9. Be2 Nf4 10. Bf3 Bd6 11. g3 Ng6 12. Nc3 O-O 13. Bg2 Nxd4 14. Qxd4 Ne5
15. c5 Be7 16. Bf4 f6 17. Na4 Qa5 18. Rac1 Nc6 19. Qc4 Qb5 20. Nb6 Qxc4 21.
Rxc4 Ra7 22. b4 Kf7 23. Rd1 g5 24. Bc7 Re8 25. a3 Kf8 26. Rc3 a5 27. b5 Ne5 28.
Bb8 Kf7 29. Bxa7 g4 30. Bb8 Rd8 31. Bc7 Re8 32. Bxe5 fxe5 33. Nxc8 Rxc8 34.
Rxd7 b6 35. c6 Ke8 36. a4 h5 37. Rcd3 Bc5 38. Rh7 Bf8 39. h3 Bc5 40. Rdd7 Bf8
41. Bf1 h4 42. Be2 hxg3 43. Bxg4 gxf2+ 44. Kf1 Bc5 45. Bh5+ 1-0

[Event "Ligue elite du dimanche 2016.01"]
[Site "Montreal CAN"]
[Date "2016.02.14"]
[Round "3"]
[White "Chiku-Ratte, Olivier-Kenta"]
[Black "Fan, Run Kun"]
[Result "0-1"]
[WhiteElo "2413"]
[BlackElo "2067"]
[Annotator "Lefong Hua"]
[PlyCount "122"]
[EventDate "2016.01.31"]
[EventType "team"]
[EventRounds "7"]
[EventCountry "CAN"]

1. Nf3 d5 2. g3 Nf6 3. b3 g6 4. Bb2 Bg7 5. Bg2 O-O 6. O-O c5 7. d3 b6 8. c4 Bb7
9. cxd5 Nxd5 10. Bxg7 Kxg7 11. d4 cxd4 12. Nxd4 Nd7 13. Qc1 N7f6 14. Qb2 e5 15.
Nf3 Re8 16. Nxe5 Qe7 17. Nc4 Qxe2 18. Qxe2 Rxe2 19. Nd6 Ba6 20. Nc3 Rd2 21. Nc4
Rd3 22. Nxd5 Nxd5 23. Rfd1 Rxd1+ 24. Rxd1 Nc3 25. Rd3 Rc8 26. Rxc3 b5 27. Bd5
Rc5 28. Bxf7 Rc7 29. Bd5 Rc5 30. Rd3 bxc4 31. Bxc4 Bxc4 32. bxc4 Kf6 33. Rc3 a5
34. f4 Kf5 35. Kf2 Ke4 36. Rc1 a4 37. a3 Kd3 38. Rd1+ Kc2 39. Rd7 Rxc4 40. Rxh7
Kb3 41. Kf3 Kxa3 42. Kg4 Kb3 43. Kg5 a3 44. Rb7+ Rb4 45. Re7 a2 46. Re1 Rc4 47.
Ra1 Rc2 48. h4 Rg2 49. g4 Kb2 50. Rxa2+ Kxa2 51. h5 gxh5 52. Kxh5 Kb3 53. f5
Kc4 54. f6 Kd5 55. g5 Ke6 56. Kg6 Rg1 57. Kh5 Kf7 58. Kh4 Kg6 59. f7 Kxf7 60.
Kh5 Kg7 61. Kh4 Kg6 0-1

[Event "Ligue elite du dimanche 2016.01"]
[Site "Montreal CAN"]
[Date "2016.02.28"]
[Round "4"]
[White "Sprumont, Oscar"]
[Black "Chiku-Ratte, Olivier-Kenta"]
[Result "0-1"]
[WhiteElo "2153"]
[BlackElo "2413"]
[PlyCount "94"]
[EventDate "2016.01.31"]
[EventType "team"]
[EventRounds "7"]
[EventCountry "CAN"]

1. Nf3 Nf6 2. c4 c5 3. Nc3 e6 4. g3 b6 5. Bg2 Bb7 6. O-O Be7 7. d4 Ne4 8. d5
Nxc3 9. bxc3 exd5 10. cxd5 d6 11. e4 O-O 12. Re1 Nd7 13. Qc2 Bf6 14. Bb2 c4 15.
a4 Qc7 16. Ba3 Rfe8 17. Rad1 g6 18. Nd4 a6 19. f4 b5 20. Kh1 Nc5 21. axb5 Nd3
22. Rxd3 cxd3 23. Qxd3 Bxd5 24. b6 Qxb6 25. Rb1 Bc4 26. Rxb6 Bxd3 27. e5 Rab8
28. Rxb8 Rxb8 29. exf6 Rb1+ 30. Bf1 Bxf1 31. Kg1 Bb5+ 32. Kf2 d5 33. Ke3 Re1+
34. Kf2 Ra1 35. Nxb5 axb5 36. Bb4 Ra2+ 37. Kg1 Rb2 38. Bc5 Rb3 39. Bd4 Kf8 40.
Kf2 Ke8 41. h4 Kd7 42. g4 b4 43. cxb4 Rxb4 44. Be5 Rb3 45. f5 gxf5 46. g5 Rh3
47. Bg3 f4 0-1

[Event "Ligue elite du dimanche 2016.01"]
[Site "Montreal CAN"]
[Date "2016.05.15"]
[Round "7"]
[White "Chiku-Ratte, Olivier-Kenta"]
[Black "Ouellet, Maili-Jade"]
[Result "1-0"]
[WhiteElo "2409"]
[BlackElo "1973"]
[PlyCount "79"]
[EventDate "2016.01.31"]
[EventType "team"]
[EventRounds "7"]
[EventCountry "CAN"]

1. d4 d5 2. c4 e6 3. Nc3 Nf6 4. cxd5 exd5 5. Bg5 Be7 6. Qc2 O-O 7. e3 b6 8. Bd3
h6 9. Bh4 Bb7 10. Nf3 c5 11. Bf5 Qe8 12. O-O g6 13. Bd3 c4 14. Be2 b5 15. a3 a6
16. Ne5 Nbd7 17. f4 Nxe5 18. fxe5 Nd7 19. Bxe7 Qxe7 20. Bg4 Kg7 21. Bxd7 Qxd7
22. Rf6 Qc7 23. Raf1 Rae8 24. Qf2 Re7 25. Qf4 Rd8 26. Rd6 Red7 27. Qf6+ Kh7 28.
Rxd7 Rxd7 29. Ne2 Qc6 30. Qh4 Bc8 31. h3 Qb7 32. Qf6 Re7 33. Rf4 Bf5 34. Rh4
Re6 35. Rxh6+ Kxh6 36. Qh8+ Kg5 37. h4+ Kg4 38. Qh6 Qe7 39. Qf4+ Kh5 40. Ng3#
1-0

[Event "Vendredi 2016.01.22"]
[Site "Montreal CAN"]
[Date "2016.01.27"]
[Round "1"]
[White "Leveille, Francois"]
[Black "Chiku-Ratte, Olivier-Kenta"]
[Result "0-1"]
[WhiteElo "2347"]
[BlackElo "2397"]
[PlyCount "92"]
[EventDate "2016.01.22"]
[EventType "tourn"]
[EventRounds "3"]
[EventCountry "CAN"]

1. d4 Nf6 2. c4 c5 3. d5 e6 4. Nc3 exd5 5. cxd5 d6 6. e4 g6 7. f3 Bg7 8. Bg5 a6
9. a4 h6 10. Be3 O-O 11. Qd2 Kh7 12. Nge2 Nbd7 13. Ng3 Re8 14. Be2 Qc7 15. a5
b5 16. axb6 Nxb6 17. O-O Nfd7 18. Rfc1 Ne5 19. Nd1 a5 20. f4 Ng4 21. Bxg4 Bxg4
22. Nf2 Bd7 23. e5 Bb5 24. Nfe4 dxe5 25. Rxc5 Qd7 26. Rac1 Nc4 27. R1xc4 Bxc4
28. Rxc4 exf4 29. Bxf4 Rac8 30. Rxc8 Rxc8 31. h3 f5 32. Nc3 g5 33. Bxg5 hxg5
34. Qxg5 Rf8 35. Nge2 Qd6 36. Kh1 Bh6 37. Qh5 Qe5 38. Qh4 Rb8 39. Qa4 Rxb2 40.
Qd7+ Bg7 41. g4 f4 42. Qe6 Qxe6 43. dxe6 f3 44. e7 Rb8 45. Nf4 Bxc3 46. Nd5
Rb1+ 0-1